Countries by a single non-capital city III - Statistics

General Stats
  • This quiz has been taken 15 times
  • The average score is 7 of 16
Answer Stats
City Country % Correct
Montego Bay Jamaica
79%
Drogheda Ireland
71%
Wagga Wagga Australia
64%
Celje Slovenia
64%
Kandy Sri Lanka
57%
Haiphong Vietnam
57%
Quetzaltenango Guatemala
43%
Blantyre Malawi
43%
Navegantes Brazil
36%
Osh Kyrgyzstan
36%
Ivano-Frankivsk Ukraine
29%
Limón Costa Rica
21%
Ordino Andorra
14%
Biratnagar Nepal
14%
Al Khor Qatar
14%
Zonguldak Turkey
7%
No matching quizzes found
Score Distribution
Percent of People with Each Score
Percentile by Number Answered
Your Score History
You have not taken this quiz